| 000 | 00432nam a2200157Ia 4500 | ||
|---|---|---|---|
| 008 | 230312s9999||||xx |||||||||||||| ||und|| | ||
| 020 | _a81-8431-235-0 | ||
| 082 |
_a621.381 _bGOD-D |
||
| 100 | _aGodse,A.P | ||
| 245 | 0 | _aDigital Principles & Systems Design | |
| 260 |
_bTechnial Publications Pune _aIndia _c2007 |
||
| 300 | _aP-92 | ||
| 546 | _aEng. | ||
| 650 |
_aEngineering _vBoolean Algebra and Logic Gates,Theorems |
||
| 942 | _cBK | ||
| 999 |
_c1721 _d1721 |
||